Statistics for Top 10 Leicester City Starting XI

Click here to take the quiz!

General Stats

  • This quiz has been taken 460 times
    (410 since last reset)
  • The average score is 23 of 51

Answer Stats

TeamPlayer% Correct
2015-16, 2017-18, 2018-19, 2019-20, 2020-21, 2021-22Jamie Vardy
99%
2015-16, 2017-18, 2018-19, 2019-20, 2020-21, 2021-22Kasper Schmeichel
98%
2015-16, 2017-18Riyad Mahrez
97%
2015-16N'Golo Kanté
95%
2015-16Danny Drinkwater
88%
2015-16, 2017-18Wes Morgan
88%
2019-20, 2020-21, 2021-22Youri Tielemans
87%
2018-19, 2019-20, 2020-21Jonny Evans
85%
2019-20, 2020-21, 2021-22Çağlar Söyüncü
84%
2015-16Shinji Okazaki
83%
2015-16, 2017-18Christian Fuchs
82%
2018-19, 2019-20, 2020-21, 2021-22James Maddison
82%
2017-18, 2018-19, 2019-20, 2020-21, 2021-22Wilfred Ndidi
81%
2015-16Robert Huth
80%
2015-16, 2017-18, 2018-19Marc Albrighton
79%
2018-19, 2019-20Ricardo Pereira
76%
2020-21, 2021-22Timothy Castagne
75%
2019-20, 2020-21, 2021-22Harvey Barnes
71%
2015-16, 2017-18Danny Simpson
70%
2020-21Wesley Fofana
68%
2019-20Ayoze Pérez
65%
2021-22Daniel Amartey
60%
2018-19, 2019-20Ben Chilwell
59%
2017-18, 2018-19Harry Maguire
55%
2020-21James Justin
49%
2018-19Nampalys Mendy
40%
2021-22Luke Thomas
38%
2021-22Kiernan Dewsbury-Hall
31%
2017-18, 2018-19Demarai Gray
29%
2017-18Vicente Iborra
21%
1997-98, 1998-99, 1999-00, 2000-01Muzzy Izzet
20%
1997-98, 1998-99, 1999-00Emile Heskey
19%
1997-98, 1998-99Kasey Keller
15%
1997-98, 1998-99, 1999-00, 2000-01Robbie Savage
14%
1997-98, 1998-99, 1999-00, 2000-01Matt Elliott
10%
1998-99, 1999-00Frank Sinclair
8%
1997-98, 1998-99, 1999-00Neil Lennon
8%
1999-00, 2000-01Tim Flowers
8%
1997-98, 1998-99, 1999-00, 2000-01Steve Guppy
7%
2000-01Ade Akinbiyi
6%
1999-00, 2000-01Gerry Taggart
6%
1997-98Steve Walsh
6%
1998-99, 1999-00Tony Cottee
6%
1998-99, 1999-00, 2000-01Andy Impey
5%
1997-98Pontus Kåmark
5%
2000-01Callum Davidson
4%
1997-98Ian Marshall
4%
2000-01Dean Sturridge
3%
2000-01Gary Rowett
3%
1998-99Robert Ullathorne
3%
1997-98Spencer Prior
3%

Score Distribution

Percentile by Number Answered

Percent of People with Each Score

Your Score History

You have not taken this quiz since the last reset